| 000 | 00411nam a22001217a 4500 | ||
|---|---|---|---|
| 050 |
_aPS3535 _b.O39 S97 |
||
| 245 |
_aThe glass house; the life of Theodore Roethke. _cAllan Seager 1906-1968. |
||
| 250 | _a1st ed. | ||
| 260 |
_aNew York, _b McGraw-Hill _c1968 |
||
| 300 | _a 301 p. ; 23 cm.. | ||
| 650 | _b Roethke, Theodore, 1908-1963 -- Biography; Poets, American -- 20th century -- Biography | ||
| 942 |
_2lcc _cGEN |
||
| 999 |
_c13452 _d13452 |
||